| 000 | 00341nam a2200133Ia 4500 | ||
|---|---|---|---|
| 005 | 20251222141933.0 | ||
| 008 | 251222s9999||||xx |||||||||||||| ||spa|| | ||
| 020 | _a84-7908-356-5 | ||
| 082 | _a946.057/R53 | ||
| 100 | _aRico Ginánez, Juan | ||
| 245 | 0 | _aDe la Ilustración al Liberalismo: | |
| 264 | _bUniversidad de Alicante | ||
| 942 | _cLIB | ||
| 999 |
_c9095 _d9095 |
||